[Event "GER CM03-C email"]
[Site "GER email"]
[Date "2016.06.26"]
[Round "?"]
[White "Gilbert, Christophe"]
[Black "Baumgartner, Ulrich"]
[Result "1/2-1/2"]
[WhiteElo "2373"]
[BlackElo "2381"]
[PlyCount "47"]
[EventDate "2016.??.??"]
[EventType "tourn (corr)"]
[EventRounds "13"]
[EventCountry "GER"]
[SourceTitle "Corr 2017"]
[Source "ChessBase"]
[SourceDate "2017.09.19"]
[SourceVersion "1"]
[SourceVersionDate "2017.09.19"]
[SourceQuality "1"]

1. e4 c6 2. d4 d5 3. e5 c5 4. Nf3 cxd4 5. Nxd4 Nc6 6. c4 e6 7. Nc3 Bc5 8. Nxc6 bxc6 9. Qg4 Ne7 10. Qxg7 Ng6 11. Be2 Bf8 12. Qf6 Be7 13. Qf3 d4 14. Ne4 Qa5+ 15. Kf1 Qxe5 16. Ng5 0-0 17. h4 f6 18. Nh3 Qf5 19. Qxf5 exf5 20. Nf4 Bd6 21. Nd3 a5 22. c5 Bc7 23. h5 Ne5 24. Rh3 1/2-1/2

[Event "GER CM03-C email"]
[Site "GER email"]
[Date "2016.06.26"]
[Round "?"]
[White "Gilbert, Christophe"]
[Black "De Carlos Arregui, Inigo"]
[Result "1/2-1/2"]
[WhiteElo "2373"]
[BlackElo "2370"]
[PlyCount "57"]
[EventDate "2016.??.??"]
[EventType "tourn (corr)"]
[EventRounds "13"]
[EventCountry "GER"]
[SourceTitle "Corr 2017"]
[Source "ChessBase"]
[SourceDate "2017.09.19"]
[SourceVersion "1"]
[SourceVersionDate "2017.09.19"]
[SourceQuality "1"]

1. e4 e5 2. Nf3 Nc6 3. Bb5 a6 4. Ba4 Nf6 5. 0-0 Be7 6. Re1 b5 7. Bb3 0-0 8. c3 d5 9. exd5 Nxd5 10. Nxe5 Nxe5 11. Rxe5 c6 12. d3 Bd6 13. Re1 Bf5 14. Qf3 Qh4 15. g3 Qh3 16. Be3 Bxd3 17. Nd2 Qf5 18. Bd4 Rfe8 19. a4 h6 20. Kg2 Rxe1 21. Rxe1 Qxf3+ 22. Kxf3 Bf5 23. Ne4 Bf8 24. Nc5 Nb6 25. Re5 Bg6 26. a5 Nc4 27. Bxc4 bxc4 28. Nd7 Bd6 29. Re1 1/2-1/2

[Event "GER CM03-C email"]
[Site "GER email"]
[Date "2016.06.26"]
[Round "?"]
[White "Loeschnauer, Eugen"]
[Black "Gilbert, Christophe"]
[Result "1/2-1/2"]
[WhiteElo "2380"]
[BlackElo "2373"]
[PlyCount "41"]
[EventDate "2016.??.??"]
[EventType "tourn (corr)"]
[EventRounds "13"]
[EventCountry "GER"]
[SourceTitle "Corr 2017"]
[Source "ChessBase"]
[SourceDate "2017.09.19"]
[SourceVersion "1"]
[SourceVersionDate "2017.09.19"]
[SourceQuality "1"]

1. c4 Nf6 2. d4 e6 3. g3 d5 4. Nf3 Be7 5. Bg2 0-0 6. 0-0 dxc4 7. Ne5 Nc6 8. Bxc6 bxc6 9. Nxc6 Qe8 10. Nxe7+ Qxe7 11. Qa4 e5 12. dxe5 Qxe5 13. Qxc4 Be6 14. Qc2 Bf5 15. Qd2 Rfe8 16. Re1 Bg4 17. Qg5 Qe6 18. Nc3 Ne4 19. Nxe4 Qxe4 20. Qf4 Bxe2 21. Qxe4 1/2-1/2